00339nam a2200121Ia 4500008004100000100001900041245006400060260004800124300000900172650001200181942000700193999001700200190216s9999||||xx |||||||||||||| ||und|| aKrishnan Arora 0aTelevision Transistor Radio Practical Circuit And Servicing bRadio Television Training Centre Agrac1985 a160p aPhysics cBK c33062d33062